000 00614nam a2200181Ia 4500
008 090124s9999 xx 000 0 und d
082 _b23528
_a1435
100 _aपरदेशी दि. जी. (परदेशी दिलीप जी.)
245 _a भरतकला
250 _a2
260 _c1982
300 _a151
600 _aपरदेशी दि. जी. (परदेशी दिलीप जी.)
630 _a भरतकला
700 _aपरदेशी दि. जी. (परदेशी दिलीप जी.)
730 _a भरतकला
942 _cBOOK
999 _c137125
_d137125